Footballeurs par lettre C - Statistiques

Statistiques générales
  • Ce quiz a été pris 211 fois
  • Le résultat moyen est 16 sur 20
Statistiques - réponses
Par images Réponse % Correct
Cavani
98%
Courtois
98%
Camavinga
97%
Coman
97%
Carvajal
96%
Casemiro
96%
Cucurella
94%
Can
93%
Choupo moting
91%
Cisse
91%
Chiellini
89%
Chiesa
88%
Cuadrado
86%
Cancelo
84%
Cabella
83%
Carasco
67%
Capoue
59%
Chilwell
58%
Coates
41%
Clasie
7%
Aucun quiz correspondant
Distribution des résultats
% des personnes avec chaque résultat
Percentile par nombre de réponses
Votre historique - résultats
Vous n’avez pas pris ce quiz